Przystanki linii 145 - Wrocław - Statystyki

Ogólne statystyki
  • Ten quiz został rozwiązany 123 razy
  • Średni wynik to 34 z 60
Statystyki odpowiedzi
Przystanki % Poprawnych
Dworzec Główny
90%
Dworzec Główny
90%
SĘPOLNO
89%
SĘPOLNO
89%
Dworzec Autobusowy
85%
Dworzec Autobusowy
85%
Gaj
80%
Gaj
80%
Plac Grunwaldzki
78%
Plac Grunwaldzki
78%
Hala Stulecia
76%
Hala Stulecia
76%
Borowska
74%
Borowska
74%
IWINY - RONDO
72%
IWINY - RONDO
72%
Most Grunwaldzki
69%
Most Grunwaldzki
69%
Kliniki
67%
Kliniki
67%
Urząd Wojewódzki
63%
Śliczna
62%
Śliczna
62%
Tramwajowa
60%
Tramwajowa
60%
Dworcowa
55%
Dworcowa
55%
ROD Bajki
55%
ROD Bajki
55%
Monte Cassino
53%
Monte Cassino
53%
Świeradowska
53%
Świeradowska
53%
Poczta Główna
52%
Vivaldiego
51%
Vivaldiego
51%
Gaj - pętla
47%
Działkowa
46%
Działkowa
46%
Buforowa-Rondo
45%
Buforowa-Rondo
45%
Bardzka (Cmentarz)
44%
Bardzka (Cmentarz)
44%
Krasińskiego
44%
Morwowa
39%
Partyzantów
39%
Partyzantów
39%
Kajdasza
38%
Kajdasza
38%
Dyrekcyjna
37%
Malinowskiego
36%
Malinowskiego
36%
Okrzei
36%
Okrzei
36%
Konduktorska
34%
Konduktorska
34%
Jagodzińska
33%
Jagodzińska
33%
Libelta
31%
Libelta
31%
Nie znaleziono quizów pasujących do podanych kryteriów
Rozkład punktacji
Procent ludzi z każdym wynikiem
Percentyl według liczby udzielonych odpowiedzi
Twoja historia wyników
Nie rozwiązałeś tego quizu